Szczegóły MARC21

Rozważania Prof. Tadeusza Zielińskiego Rzecznika Praw Obywatelskich /

001 -Numer kontrolny rekordu [,]
    • @
    • pole kontrolne
    • bb95102726
005 -Data i czas ostatniej zmiany [,]
    • @
    • Data ostatniej zmiany
    • 20241231090535.0
035 -Inne numery kontrolne [ , ]
    • a
    • Numer kontrolny
    • (OCoLC)749144634
040 -Instytucja sporządzająca opis [ , ]
    • a
    • Instytucja, która sporządziła opis (NP)
    • GD U/JR
    • c
    • Instytucja, która sporządziła rekord (NP)
    • GD U/JR
    • d
    • Instytucja, która zmodyfikowała rekord (P)
    • GD U/IK
    • d
    • Instytucja, która zmodyfikowała rekord (P)
    • GD U/MR
    • d
    • Instytucja, która zmodyfikowała rekord (P)
    • KR 7/AOs
942 -Rodzaj dokumentu [ , ]
    • c
    • Rodzaj dokumentu
    • Wydaw. ciągłe w tym czasopisma
998 -Inne dane NUKAT [ , ]
    • a
    • Numer systemowy
    • vtls000020717
245 -Strefa tytułu i oznaczenia odpowiedzialności [0,0]
    • a
    • Tytuł
    • Rozważania Prof. Tadeusza Zielińskiego Rzecznika Praw Obywatelskich /
    • c
    • Pozostałe elementy strefy tytułu i oznaczenia odpowiedzialności (NP)
    • [Biuro Rzecznika Praw Obywatelskich].
246 -Wariant tytułu [1,4]
    • a
    • Tytuł (NP)
    • Rozważania Rzecznika Praw Obywatelskich
260 -Strefa adresu wydawniczego [ , ]
    • a
    • Miejsce wydania (P)
    • Warszawa :
    • b
    • Nazwa wydawcy (P)
    • BRPO,
    • c
    • Data wydania (P)
    • 1992-.
300 -Strefa opisu fizycznego [ , ]
    • c
    • Format (NP)
    • 20 cm.
336 -Typ zawartości [ , ]
    • a
    • Termin opisujący typ zawartości
    • Tekst
    • b
    • Typ/rodzaj nośnika
    • txt
    • 2
    • Źródło (termin i kod)
    • rdacontent
337 -Typ mediów [ , ]
    • a
    • Tryb odtwarzania
    • Bez urządzenia pośredniczącego
    • b
    • Kod typu mediów
    • n
    • 2
    • Źródło (termin i kod)
    • rdamedia
338 -Typ/rodzaj nośnika [ , ]
    • a
    • Hasło opisujące typ nośnika
    • Wolumin
    • b
    • Kod typu nośnika
    • nc
    • 2
    • Źródło (termin i kod)
    • rdacarrier
362 -Strefa numeracji [0, ]
    • a
    • Strefa numeracji
    • 1992 (marzec/wrzesień)-.
515 -Uwaga dot. numeracji [ , ]
    • a
    • Odstępstwa w numeracji
    • W 1992 brak numeracji zeszytu. Numeracja zaczyna się od nr 2 (październik 1992 - marzec 1993).
610 -SUBJECT ADDED ENTRY--CORPORATE NAME [1,7]
    • a
    • Corporate name or jurisdiction name as entry element
    • Polska.
    • b
    • Subordinate unit
    • Biuro Rzecznika Praw Obywatelskich
710 -Hasło dodatkowe - nazwa ciała zbiorowego [1, ]
    • a
    • Nazwa ciała zbiorowego lub nazwa geograficzna jako pierwszy element (NP)
    • Polska.
    • b
    • Nazwa jednostki podrzędnej (P)
    • Biuro Rzecznika Praw Obywatelskich.
952 -Egzemplarz [ , ]
    • a
    • Numer inwentarzowy
    • SAc.4577
    • c
    • Sygnatura
    • SAc.3871
    • d
    • Lokalizacja
    • BSA Biblioteka Wydziału Prawa i Administracji im. prof. Stanisława Czepity
    • i
    • Nr tomu wydaw.cg
    • 1 (1992)
    • p
    • Kod kreskowy
    • 2004800045771
    • y
    • Status udostępniania
    • Tylko na miejscu
952 -Egzemplarz [ , ]
    • a
    • Numer inwentarzowy
    • SAc.6179
    • c
    • Sygnatura
    • SAc.3871
    • d
    • Lokalizacja
    • BSA Biblioteka Wydziału Prawa i Administracji im. prof. Stanisława Czepity
    • i
    • Nr tomu wydaw.cg
    • 1 (1992)
    • p
    • Kod kreskowy
    • 2004800061795
    • y
    • Status udostępniania
    • Tylko na miejscu
952 -Egzemplarz [ , ]
    • a
    • Numer inwentarzowy
    • SAc.4578
    • c
    • Sygnatura
    • SAc.3871
    • d
    • Lokalizacja
    • BSA Biblioteka Wydziału Prawa i Administracji im. prof. Stanisława Czepity
    • i
    • Nr tomu wydaw.cg
    • 3 (1993)
    • p
    • Kod kreskowy
    • 2004800045788
    • y
    • Status udostępniania
    • Tylko na miejscu
952 -Egzemplarz [ , ]
    • a
    • Numer inwentarzowy
    • SAc.6180
    • c
    • Sygnatura
    • SAc.3871
    • d
    • Lokalizacja
    • BSA Biblioteka Wydziału Prawa i Administracji im. prof. Stanisława Czepity
    • i
    • Nr tomu wydaw.cg
    • 3 (1993)
    • p
    • Kod kreskowy
    • 2004800061801
    • y
    • Status udostępniania
    • Tylko na miejscu
952 -Egzemplarz [ , ]
    • a
    • Numer inwentarzowy
    • SAc.4579
    • c
    • Sygnatura
    • SAc.3871
    • d
    • Lokalizacja
    • BSA Biblioteka Wydziału Prawa i Administracji im. prof. Stanisława Czepity
    • i
    • Nr tomu wydaw.cg
    • 4 (1994)
    • p
    • Kod kreskowy
    • 2004800045795
    • y
    • Status udostępniania
    • Tylko na miejscu
952 -Egzemplarz [ , ]
    • a
    • Numer inwentarzowy
    • SAc.3871
    • c
    • Sygnatura
    • SAc.3871
    • d
    • Lokalizacja
    • BSA Biblioteka Wydziału Prawa i Administracji im. prof. Stanisława Czepity
    • i
    • Nr tomu wydaw.cg
    • 5 (1994)
    • p
    • Kod kreskowy
    • 2004800038711
    • y
    • Status udostępniania
    • Tylko na miejscu
952 -Egzemplarz [ , ]
    • a
    • Numer inwentarzowy
    • SAc.4580
    • c
    • Sygnatura
    • SAc.3871
    • d
    • Lokalizacja
    • BSA Biblioteka Wydziału Prawa i Administracji im. prof. Stanisława Czepity
    • e
    • Akcesja
    • 00d498/7
    • i
    • Nr tomu wydaw.cg
    • 6 (1995)
    • p
    • Kod kreskowy
    • 2004800045801
    • r
    • Cena
    • 4.0
    • w
    • Data inwentaryzacji
    • 2000-11-16
    • y
    • Status udostępniania
    • Tylko na miejscu
952 -Egzemplarz [ , ]
    • a
    • Numer inwentarzowy
    • SAc.6181
    • c
    • Sygnatura
    • SAc.3871
    • d
    • Lokalizacja
    • BSA Biblioteka Wydziału Prawa i Administracji im. prof. Stanisława Czepity
    • e
    • Akcesja
    • 00d498/7
    • i
    • Nr tomu wydaw.cg
    • 6 (1995)
    • p
    • Kod kreskowy
    • 2004800061818
    • r
    • Cena
    • 4.0
    • w
    • Data inwentaryzacji
    • 2005-05-13
    • y
    • Status udostępniania
    • Tylko na miejscu
952 -Egzemplarz [ , ]
    • a
    • Numer inwentarzowy
    • SAc.4581
    • c
    • Sygnatura
    • SAc.3871
    • d
    • Lokalizacja
    • BSA Biblioteka Wydziału Prawa i Administracji im. prof. Stanisława Czepity
    • i
    • Nr tomu wydaw.cg
    • 7 (1995/1996)
    • p
    • Kod kreskowy
    • 2004800045818
    • y
    • Status udostępniania
    • Tylko na miejscu